000 00541nam a2200193Ia 4500
999 _c15088
_d15088
003 OSt
005 20201116155206.0
008 190216s9999||||xx |||||||||||||| ||und||
020 _a9788172451264
040 _coclc
082 _a428
_bCHA/S
100 _aChandra, Rekha
_96586
245 0 _aSelf Help To English Conversation /
_cRekha Chandra
250 _a1st Ed.
260 _bGoodwill Publishing House,
_c2005.
_aNew Delhi:
300 _a284p
650 _aEnglish
942 _cBK
_2ddc
_h428
_iCHA/S
_k428
_mCHA/S